"John" cities - sudden death - Statistics

General Stats
  • This quiz has been taken 1,070 times
  • The average score is 4 of 16
Answers on the Grid
Answers color-coded by a green-red scale on the quiz's grid according to % correct below.
Birmingham
Sydney
San Juan
Buenos Aires
Johannesburg
Mexico City
Johor Bahru
Saint-Jean-sur-Richelieu
Indianapolis
Rio de Janeiro
Evansville
Helsinki
St. Johns
Anaheim
Nakhchivan
St. Augustine
João Pessoa
Luhansk
Agios Ioannis
San Jose
Tianjin
Ciudad Juarez
Dubrovnik
Sesto San Giovanni
Ivano-Frankivsk
Abidjan
Alice Springs
Asuncion
Jakarta
Nuku'Alofa
 
Answer Stats
Answer % Correct
Juan (Spanish) San Juan
84%
Johannes (Latin) Johannesburg
81%
Jean (French) Saint-Jean-sur-Richelieu
60%
St. Johns
60%
João (Portuguese) João Pessoa
43%
Ioannis (Greek) Agios Ioannis
27%
Giovanni (Italian) Sesto San Giovanni
27%
Jan (Dutch) Rio de Janeiro
17%
Ivan (Russian) Ivano-Frankivsk
16%
Evan (Welsh) Evansville
10%
Jan (Dutch) Abidjan
7%
Ian (Gaelic) Tianjin
7%
Ivan (Russian) Nakhchivan
5%
Hans (German) Luhansk
3%
Ian (Gaelic) Indianapolis
2%
Ion (Romanian) Asuncion
1%
No matching quizzes found
Score Distribution
Percent of People with Each Score
Percentile by Number Answered
Your Score History
You have not taken this quiz